| 000 | 00939cab a2200253 4500 | ||
|---|---|---|---|
| 001 | WB2922-43 | ||
| 008 | 090401t1993 xxu||||| |||| 00| 0 eng d | ||
| 035 | _a(Sirsi) u48405 | ||
| 041 | _aeng | ||
| 245 | _aPub leases | ||
| 260 | _c1993 | ||
| 350 | _a0 | ||
| 490 |
_aGuardian _v7 June 1993, 11 |
||
| 490 |
_aEstates Gazette _v(9322) 5 June 1993, 34 |
||
| 490 |
_aFinancial Times _v8 June 1993, 6(2) |
||
| 520 | _aThe DTI is to investigate complaints about the pub leasing scheme operated by Inntrepreneur, the joint venture between Grand Metropolitan and Courage. The Association of Licensed Multiple Retailers has drawn up a code of practice aimed at bringing pub leases in line with other commercial contracts. | ||
| 650 | _aBUSINESS TENANCIES | ||
| 650 | _aPUB LEASES | ||
| 650 | _aPUBLIC HOUSES | ||
| 650 | _aTENANCY AGREEMENTS | ||
| 690 | _aLANDLORD AND TENANT-BUSINESS TENANCIES | ||
| 942 | _n0 | ||
| 948 | _c04/03/1997 | ||
| 999 |
_c30410 _d30410 |
||